ندوة القائد .. عطاء و إنجازات / (رقم التسجيلة. 1826)
[ عرض عادي ]
| 000 -LEADER | |
|---|---|
| fixed length control field | 00760nam a22001817a 4500 |
| 005 - DATE AND TIME OF LATEST TRANSACTION | |
| control field | 20251108164028.0 |
| 008 - FIXED-LENGTH DATA ELEMENTS--GENERAL INFORMATION | |
| fixed length control field | 250721s2008 xx 000 0 ara d |
| 082 14 - DEWEY DECIMAL CLASSIFICATION NUMBER | |
| Classification number | م/956.941/ندو |
| 111 2# - MAIN ENTRY--MEETING NAME | |
| Meeting name or jurisdiction name as entry element | فعاليات ندوة القائد عطاء و إنجازات ( صاحب السمو الشيخ الشيخ خليفة بن زايد آل نهيان) |
| Location of meeting | أبو ظبي |
| Date of meeting | 29 أكتوبر 2007 |
| 245 10 - TITLE STATEMENT | |
| Title | ندوة القائد .. عطاء و إنجازات / |
| 264 1# - PRODUCTION, PUBLICATION, DISTRIBUTION, MANUFACTURE, AND COPYRIGHT NOTICE | |
| Place of production, publication, distribution, manufacture | (أبو ظبي ) : |
| Name of producer, publisher, distributor, manufacturer | مركز شؤون الإعلام، |
| Date of production, publication, distribution, manufacture, or copyright notice | 2008. |
| 300 ## - PHYSICAL DESCRIPTION | |
| Extent | 179 ص. |
| 650 17 - SUBJECT ADDED ENTRY--TOPICAL TERM | |
| Topical term or geographic name as entry element | الامارات العربيه المتحده |
| 650 17 - SUBJECT ADDED ENTRY--TOPICAL TERM | |
| Topical term or geographic name as entry element | عهد خليفه بن زايد آل نهيان |
| 653 ## - INDEX TERM--UNCONTROLLED | |
| Uncontrolled term | اماره ابو ظبي |
| 942 ## - ADDED ENTRY ELEMENTS (KOHA) | |
| Source of classification or shelving scheme | Dewey Decimal Classification |
| Koha item type | مراجع |
| حالة السحب | حالة الفقدان | مصدر التصنيف | حالة التلف | غير قابل للإعارة | المكتبة الرئيسية | المكتبة الحالية | موقع الرف | تاريخ التزويد | الرقم المتسلسل | Total Checkouts | رقم الإستدعاء | الباركود | تاريخ آخر ظهور | تاريخ الفاتورة | نوع المادة (كوها) |
|---|---|---|---|---|---|---|---|---|---|---|---|---|---|---|---|
| Dewey Decimal Classification | Not For Loan | المكتبة المركزية | المكتبة المركزية | مراجع | 28/07/2025 | 1265046 | م/956.941/ندو | PLD00075327 | 28/07/2025 | 28/07/2025 | مراجع |